00629cam a22002177a 4500003000500000005001700005008004100022010001000063011001000073020001500083035001000098040000900108082002400117100001600141245007500157260003500232300001100267534006400278650002700342650004200369CHAP20220329133805.0120605s2005 sp r 00010 spa d a10943 a11915 a8429150358 a11889 cCHAP04a519.4028553042bG461 aGilat, Amos10aMatlab :buna introducción con ejemplos prácticosc/por Amos Gilat aBarcelona :bReverté,cc2005 a331 p. pTít. original :tMATLAB: an introduction with aplications04aAnálisis numérico.04aProcesamiento electrónico de datos.